书目信息 |
| 题名: |
现代汉语方所系统研究
|
|
| 作者: | 储泽祥 著 | |
| 分册: | ||
| 出版信息: | 武昌 华中师范大学出版社 1997 |
|
| 页数: | 390页 | |
| 开本: | 20cm | |
| 丛书名: | 华中语学论库 | |
| 单 册: | ||
| 中图分类: | H146.2 | |
| 科图分类: | ||
| 主题词: | 汉语--语法 , 汉语--名词--现代--研究 | |
| 电子资源: | ||
| ISBN: | 7-5622-1793-9 | |
| 000 | 00728nam0 2200241 45 | |
| 001 | 0304230033 | |
| 005 | 20031219104109.7 | |
| 010 | @a7-5622-1793-9@dCNY17.00 | |
| 100 | @a20030423d1997 km y0chiy0120 ea | |
| 101 | 0 | @achi |
| 105 | @a z 000yy | |
| 200 | 1 | @a现代汉语方所系统研究@AXian Dai Han Yu Fang Suo Xi Tong Yan Jiu@f储泽祥著@FChu Ze Xiang Zhu |
| 210 | @a武昌@c华中师范大学出版社@d1997 | |
| 215 | @a390页@d20cm | |
| 225 | @a华中语学论库@v2@f邢福义主编 | |
| 410 | @12001 @a华中语学论库 | |
| 410 | @1700 0@a邢福义@AXing Fu Yi@4主编 | |
| 606 | 0 | @a汉语@x语法 |
| 606 | 0 | @a汉语@x名词@x现代@x研究 |
| 690 | @aH146.2@v4 | |
| 701 | 0 | @a储泽祥@4著 |
| 801 | @aCN@bTSTC@c20030423 | |
| 905 | @b323172-176@dH146.2@e181@f5 | |
| 现代汉语方所系统研究/储泽祥著.-武昌:华中师范大学出版社,1997 |
| 390页;20cm.-(华中语学论库;2/邢福义主编) |
| ISBN 7-5622-1793-9:CNY17.00 |
| ● |
| 相关链接 |
|
|
|
|
正题名:现代汉语方所系统研究
索取号:H146.2/181
 
预约/预借
| 序号 | 登录号 | 条形码 | 馆藏地/架位号 | 状态 | 备注 |
| 1 | 0323172 | 203231724 | 第四借阅区/ [索取号:H146.2/181] | 在馆 | |
| 2 | 0323173 | 203231733 | 第四借阅区/ [索取号:H146.2/181] | 在馆 | |
| 3 | 0323174 | 203231742 | 第四借阅区/ [索取号:H146.2/181] | 在馆 | |
| 4 | 0323175 | 203231751 | 第四借阅区/ [索取号:H146.2/181] | 在馆 | |
| 5 | 0323176 | 203231760 | 第二样本阅览室/ [索取号:H146.2/181] | 在馆 | |
| 6 | 0329559 | 203295594 | 第四借阅区/ [索取号:H146.2/181] | 在馆 | |
| 7 | 0329560 | 203295601 | 第四借阅区/ [索取号:H146.2/181] | 在馆 | |
| 8 | 0329561 | 203295610 | 第四借阅区/ [索取号:H146.2/181] | 在馆 | |
| 9 | 0329562 | 203295629 | 第四借阅区/ [索取号:H146.2/181] | 在馆 | |
| 10 | 0329563 | 203295638 | 第四借阅区/ [索取号:H146.2/181] | 在馆 |